| 000 | 00496pab a2200181 454500 | ||
|---|---|---|---|
| 008 | 180718b2010 xxu||||| |||| 00| 0 eng d | ||
| 100 | _aChakrabarty, Manas | ||
| 245 | _aRegionalism - A chronic problem of Indian federation a case study of Gorkhaland | ||
| 260 | _c2010 | ||
| 300 | _ap.481-488. | ||
| 362 | _aApr-Jun | ||
| 650 | _aRegionalism | ||
| 700 | _aGuha, Anindya | ||
| 700 | _aChaki, Nihar Ranjan | ||
| 773 | _aIndian Journal of Political Science | ||
| 908 | _aN | ||
| 909 | _a89759 | ||
| 999 |
_c89759 _d89759 |
||